Rozvoj sociálneho modelu v súčasných podmienkach diplomová práca

Uložené v:
Podrobná bibliografia
Hlavný autor: Ivanovičová, Mária
Korporativný autor: Národohospodárska fakulta EU. Katedra sociálneho rozvoja a práce
Ďalší autori: Dudová, Iveta
Médium: Kniha
Jazyk:Slovak
Vydavateľské údaje: Bratislava 2011
Tagy: Pridať tag
Žiadne tagy, Buďte prvý, kto otaguje tento záznam!

MARC

LEADER 00000nbm a2200000 4500
001 0130739
005 20161109101610.7
041 0 |a slo 
044 |a SK 
245 1 0 |a Rozvoj sociálneho modelu v súčasných podmienkach  |b diplomová práca  |c Mária Ivanovičová ; školiteľ: Iveta Dudová 
264 1 |a Bratislava  |c 2011 
300 |a 65 s. 
100 1 |a Ivanovičová, Mária 
700 1 |a Dudová, Iveta 
710 2 |a Národohospodárska fakulta EU. Katedra sociálneho rozvoja a práce